书目信息 |
| 题名: |
新编MPA英语听说教程
|
|
| 作者: | 任林静 主编 | |
| 分册: | ||
| 出版信息: | 北京 中国人民大学出版社 2007.03 |
|
| 页数: | 246页 | |
| 开本: | 20cm | |
| 丛书名: | ||
| 单 册: | ||
| 中图分类: | H319.9 | |
| 科图分类: | ||
| 主题词: | 英语 | |
| 电子资源: | ||
| ISBN: | 978-7-300-07891-5 | |
| 000 | 00591nam0 2200217 45 | |
| 001 | 0955631017 | |
| 005 | 20091018153113.09 | |
| 010 | @a978-7-300-07891-5@dCNY49.00 | |
| 100 | @a20090515d2007 ekmy0 y0120 ea | |
| 102 | @aCN@b130000 | |
| 102 | @aCN@b110000 | |
| 105 | @ay z 000yy | |
| 200 | 1 | @a新编MPA英语听说教程@f任林静 主编@Fren lin jing zhu bian |
| 210 | @a北京@c中国人民大学出版社@d2007.03 | |
| 215 | @a246页@d20cm | |
| 606 | 0 | @a英语 |
| 690 | @aH319.9@v4 | |
| 701 | 0 | @a任林静@Aren lin jing@4主编 |
| 801 | 0 | @aCN@c20091018 |
| 905 | @a10447@dH319.9@eR5001 | |
| 906 | @d49@n2@r1 | |
| 新编MPA英语听说教程/任林静 主编.-北京:中国人民大学出版社,2007.03 |
| 246页;20cm |
| ISBN 978-7-300-07891-5:CNY49.00 |
| ● |
| 相关链接 |
|
|
|
正题名:新编MPA英语听说教程
索取号:H319.9/R5001
 
预约/预借
| 序号 | 登录号 | 条形码 | 馆藏地/架位号 | 状态 | 备注 |
| 1 | 891957 | 208919571 | 语言库209/209语言库 106排2列3层/ [索取号:H319.9/R5001] | 在馆 | |
| 2 | 891958 | 208919580 | 语言库209/209语言库 106排2列3层/ [索取号:H319.9/R5001] | 在馆 |